[Event "Samara op"]
[Site "Samara"]
[Date "2010.07.27"]
[Round "5"]
[White "Vdovin, Sergei"]
[Black "Bezman, Oleg"]
[Result "0-1"]
[WhiteElo "2306"]
[BlackElo "2341"]
[PlyCount "117"]
[EventDate "2010.07.23"]
[EventType "swiss"]
[EventRounds "9"]
[EventCountry "RUS"]
[SourceTitle "EXT 2011"]
[Source "ChessBase"]
[SourceDate "2010.11.26"]
[SourceVersion "1"]
[SourceVersionDate "2010.11.26"]
[SourceQuality "1"]

1. e4 c5 2. Nc3 Nc6 3. g3 g6 4. Bg2 Bg7 5. d3 d6 6. Be3 e5 7. Qd2 Nge7 8. Bh6 Bxh6 9. Qxh6 Nd4 10. 0-0-0 Be6 11. Bh3 Qd7 12. Bxe6 Qxe6 13. Kb1 0-0-0 14. Nge2 f5 15. Nxd4 exd4 16. Ne2 fxe4 17. Nf4 Qf7 18. dxe4 Nc6 19. Rhe1 Nb4 20. Qh3+ Kb8 21. Qe6 Qxe6 22. Nxe6 Rde8 23. Ng5 h6 24. Nh3 g5 25. f4 gxf4 26. Nxf4 Rhg8 27. c3 Nc6 28. Kc2 Rg5 29. Nd5 b5 30. Nf6 Re6 31. Rf1 Rg7 32. Rf4 Rf7 33. Rdf1 c4 34. cxd4 Nxd4+ 35. Kd2 a5 36. Nd5 Rb7 37. Rf8+ Ka7 38. R1f4 Rd7 39. Rh8 Kb7 40. Ke3 Nc2+ 41. Kd2 Nb4 42. Rff8 Nxd5 43. exd5 Re5 44. Rb8+ Ka6 45. Ra8+ Kb6 46. Rab8+ Ka6 47. Ra8+ Kb6 48. Rab8+ Kc5 49. Rbe8 Rxd5+ 50. Ke2 h5 51. Rhf8 Rc7 52. Rf4 b4 53. g4 hxg4 54. Rxg4 Rd4 55. Rg5+ d5 56. Ra8 Re7+ 57. Kf3 Rd3+ 58. Kg4 Re4+ 59. Kh5 0-1

[Event "Samara op"]
[Site "Samara"]
[Date "2010.07.23"]
[Round "1"]
[White "Vdovin, Sergei"]
[Black "Salyukov, Vladimir"]
[Result "1-0"]
[WhiteElo "2306"]
[BlackElo "1747"]
[PlyCount "79"]
[EventDate "2010.07.23"]
[EventType "swiss"]
[EventRounds "9"]
[EventCountry "RUS"]
[SourceTitle "EXT 2011"]
[Source "ChessBase"]
[SourceDate "2010.11.26"]
[SourceVersion "1"]
[SourceVersionDate "2010.11.26"]
[SourceQuality "1"]

1. e4 c5 2. Nc3 Nc6 3. g3 Nf6 4. Bg2 d6 5. h3 g6 6. d3 Bg7 7. Be3 0-0 8. Qd2 a6 9. Nd1 Qb6 10. c3 Qc7 11. Ne2 b5 12. f4 Bb7 13. g4 e5 14. f5 Rad8 15. g5 Nd7 16. f6 Bh8 17. h4 h5 18. gxh6 Nxf6 19. Bg5 Rde8 20. Ng3 Kh7 21. Ne3 Bc8 22. h5 Ne7 23. 0-0-0 Be6 24. c4 Rb8 25. Rdf1 Ng4 26. hxg6+ fxg6 27. Nd5 Nxd5 28. exd5 Bf5 29. Be4 Qd7 30. Qe2 Bxe4 31. Nxe4 bxc4 32. dxc4 Rf4 33. Bxf4 exf4 34. Ng5+ Kg8 35. h7+ Kf8 36. Rxf4+ Nf6 37. Rxf6+ Bxf6 38. h8Q+ Bxh8 39. Rxh8+ Kg7 40. Rh7+ 1-0

[Event "Moscow op-B"]
[Site "Moscow"]
[Date "2009.02.05"]
[Round "6"]
[White "Vdovin, Sergei"]
[Black "Dzhangobegov, Vladimir"]
[Result "1/2-1/2"]
[WhiteElo "2263"]
[BlackElo "2180"]
[PlyCount "88"]
[EventDate "2009.01.31"]
[EventType "swiss"]
[EventRounds "9"]
[EventCountry "RUS"]
[SourceTitle "EXT 2012"]
[Source "ChessBase"]
[SourceDate "2011.11.24"]
[SourceVersion "1"]
[SourceVersionDate "2011.11.24"]
[SourceQuality "1"]

1. d4 Nf6 2. Nf3 g6 3. c4 Bg7 4. Nc3 d6 5. e4 0-0 6. Be2 Nbd7 7. 0-0 e5 8. Be3 Qe7 9. Qc2 c6 10. dxe5 dxe5 11. Rad1 Ng4 12. Bg5 f6 13. Bc1 Nh6 14. a3 f5 15. Bg5 Nf6 16. b4 Nf7 17. c5 Be6 18. Rd2 f4 19. h3 h6 20. Bxf6 Qxf6 21. Nh2 h5 22. Na4 Bh6 23. Rd3 Rad8 24. Rfd1 Rd4 25. Rxd4 exd4 26. Nb2 Rd8 27. Nc4 Kh7 28. Na5 Rd7 29. Nf3 Bg7 30. Bc4 Ne5 31. Nxe5 Qxe5 32. Qd3 Re7 33. Bxe6 Qxe6 34. f3 Rd7 35. Nc4 Be5 36. Kf1 a6 37. Ke2 g5 38. Rd2 Kg7 39. Nd6 b5 40. Nf5+ Kf6 41. Rc2 Rd8 42. Kd2 Qg8 43. Rb2 Qc4 44. Rc2 Qg8 1/2-1/2

[Event "Moscow op-B"]
[Site "Moscow"]
[Date "2009.02.04"]
[Round "5"]
[White "Minasyan, Arnold"]
[Black "Vdovin, Sergei"]
[Result "0-1"]
[WhiteElo "2171"]
[BlackElo "2263"]
[PlyCount "98"]
[EventDate "2009.01.31"]
[EventType "swiss"]
[EventRounds "9"]
[EventCountry "RUS"]
[SourceTitle "EXT 2012"]
[Source "ChessBase"]
[SourceDate "2011.11.24"]
[SourceVersion "1"]
[SourceVersionDate "2011.11.24"]
[SourceQuality "1"]

1. e4 c5 2. Nf3 d6 3. d4 cxd4 4. Nxd4 Nf6 5. Nc3 a6 6. Bg5 e6 7. f4 Be7 8. Qf3 h6 9. Bh4 Qc7 10. 0-0-0 Nbd7 11. Bd3 g5 12. fxg5 Ne5 13. Qe2 Nfg4 14. h3 hxg5 15. Bg3 Nf6 16. Nf3 Nh5 17. Bh2 Nf4 18. Qd2 Nxf3 19. gxf3 Ng6 20. Be2 Ne5 21. Bg1 Bd7 22. Be3 f6 23. f4 gxf4 24. Bxf4 0-0-0 25. h4 Bc6 26. h5 b5 27. Qe3 Qb7 28. Rdg1 b4 29. Nb1 Bxe4 30. Bxa6 Qxa6 31. Qxe4 d5 32. Qg2 Bd6 33. Qf2 Rd7 34. Bxe5 Bxe5 35. Rh4 d4 36. h6 f5 37. Qe1 Bf6 38. Rh3 d3 39. Rxd3 Rxd3 40. cxd3 Qc6+ 41. Kd1 Rxh6 42. Qe2 Bd4 43. Re1 Kd7 44. Nd2 Bxb2 45. Qe3 Qc1+ 46. Ke2 Rh2+ 47. Kf1 Rh1+ 48. Kg2 Rxe1 49. Qa7+ Qc7 0-1

[Event "Moscow op-B"]
[Site "Moscow"]
[Date "2009.02.03"]
[Round "4"]
[White "Vdovin, Sergei"]
[Black "Bikuzhin, Maksim"]
[Result "1/2-1/2"]
[WhiteElo "2263"]
[BlackElo "2145"]
[PlyCount "88"]
[EventDate "2009.01.31"]
[EventType "swiss"]
[EventRounds "9"]
[EventCountry "RUS"]
[SourceTitle "EXT 2012"]
[Source "ChessBase"]
[SourceDate "2011.11.24"]
[SourceVersion "1"]
[SourceVersionDate "2011.11.24"]
[SourceQuality "1"]

1. d4 d5 2. c4 e6 3. Nc3 Nf6 4. cxd5 Nxd5 5. e4 Nxc3 6. bxc3 c5 7. d5 exd5 8. exd5 Bd6 9. Bd3 0-0 10. h3 Re8+ 11. Kf1 Nd7 12. Nf3 Ne5 13. Nxe5 Bxe5 14. Qc2 g6 15. Be4 b6 16. h4 Qd6 17. Bg5 Ba6+ 18. Kg1 Bc4 19. Rd1 Bf4 20. Bf3 h6 21. Bxf4 Qxf4 22. Rh3 Rad8 23. Rg3 b5 24. Rg4 Qf6 25. Qd2 Kg7 26. h5 g5 27. Re4 Rxe4 28. Bxe4 Qe5 29. Re1 Qf4 30. Re3 Rd6 31. g3 Qg4 32. Bf3 Qd7 33. Re5 Qd8 34. Bg2 Ra6 35. Qe3 Rxa2 36. Qxc5 Qb6 37. Qxb6 axb6 38. Re7 Rd2 39. Rd7 Kf6 40. Rd6+ Kg7 41. Rxb6 Rd1+ 42. Kh2 Bxd5 43. Rxb5 Be6 44. Bf3 Rd3 1/2-1/2

[Event "Moscow Petrosian Memorial U18"]
[Site "Moscow"]
[Date "2009.01.??"]
[Round "4"]
[White "Apryshko, Gleb"]
[Black "Vdovin, Sergei"]
[Result "1/2-1/2"]
[WhiteElo "2074"]
[BlackElo "2092"]
[PlyCount "97"]
[EventDate "2009.01.??"]
[EventType "swiss"]
[EventRounds "9"]
[EventCountry "RUS"]
[SourceTitle "EXT 2010"]
[Source "ChessBase"]
[SourceDate "2010.11.25"]
[SourceVersion "1"]
[SourceVersionDate "2010.11.25"]
[SourceQuality "1"]

1. e4 c5 2. Nf3 d6 3. Bb5+ Bd7 4. Bxd7+ Qxd7 5. 0-0 Nc6 6. c3 Nf6 7. d4 cxd4 8. cxd4 g6 9. Nc3 Bg7 10. d5 Ne5 11. Nxe5 dxe5 12. f4 exf4 13. Bxf4 0-0 14. Be5 Ng4 15. Bxg7 Kxg7 16. Qd4+ e5 17. Qd2 Qd6 18. Kh1 f5 19. exf5 gxf5 20. h3 Qh6 21. Qxh6+ Nxh6 22. Nb5 Rac8 23. Rac1 Rxc1 24. Rxc1 a6 25. Nc7 Kf6 26. Ne6 Rf7 27. Nc5 b6 28. Nxa6 Rd7 29. Rc6+ Kg5 30. Nb4 f4 31. Re6 Nf7 32. Rxb6 e4 33. Re6 Kf5 34. a4 Ne5 35. Re8 e3 36. Kg1 Rc7 37. d6 Rc1+ 38. Kh2 e2 39. Nd3 Nxd3 40. d7 Ne5 41. d8Q e1Q 42. Rxe5+ Kxe5 43. Qg5+ Ke4 44. Qe7+ Kd3 45. Qxh7+ Ke3 46. Qe7+ Kf2 47. Qh4+ Ke3 48. Qe7+ Kf2 49. Qh4+ 1/2-1/2

[Event "Moscow Petrosian Memorial U18"]
[Site "Moscow"]
[Date "2009.01.??"]
[Round "3"]
[White "Kirillov, Dmitry"]
[Black "Vdovin, Sergei"]
[Result "0-1"]
[WhiteElo "1997"]
[BlackElo "2092"]
[PlyCount "66"]
[EventDate "2009.01.??"]
[EventType "swiss"]
[EventRounds "9"]
[EventCountry "RUS"]
[SourceTitle "EXT 2010"]
[Source "ChessBase"]
[SourceDate "2010.11.25"]
[SourceVersion "1"]
[SourceVersionDate "2010.11.25"]
[SourceQuality "1"]

1. e4 c5 2. Nf3 d6 3. d4 cxd4 4. Nxd4 Nf6 5. Nc3 a6 6. Bg5 e6 7. f4 Be7 8. Qf3 h6 9. Bh4 Qc7 10. g3 b5 11. a3 Bb7 12. 0-0-0 Nbd7 13. Bh3 g5 14. fxg5 hxg5 15. Bxe6 Ne5 16. Qe2 gxh4 17. Ba2 0-0-0 18. Bxf7 Nxf7 19. Ne6 Qc4 20. Qxc4+ bxc4 21. Nxd8 Kxd8 22. Rhe1 Ne5 23. b3 cxb3 24. cxb3 Nfg4 25. Re2 h3 26. Nd5 Bxd5 27. Rxd5 Kc7 28. Rc2+ Kb7 29. Rd4 Nc6 30. Rd3 Rf8 31. b4 Rf1+ 32. Kb2 Bf6+ 33. Kb3 Nd4+ 0-1

[Event "Moscow Petrosian Memorial U18"]
[Site "Moscow"]
[Date "2009.01.??"]
[Round "1"]
[White "Shakryan, Zozan"]
[Black "Vdovin, Sergei"]
[Result "1/2-1/2"]
[WhiteElo "1969"]
[BlackElo "2092"]
[PlyCount "90"]
[EventDate "2009.01.??"]
[EventType "swiss"]
[EventRounds "9"]
[EventCountry "RUS"]
[SourceTitle "EXT 2010"]
[Source "ChessBase"]
[SourceDate "2010.11.25"]
[SourceVersion "1"]
[SourceVersionDate "2010.11.25"]
[SourceQuality "1"]

1. e4 c5 2. Nf3 d6 3. d4 cxd4 4. Nxd4 Nf6 5. Nc3 a6 6. Bg5 e6 7. f4 Be7 8. Qf3 h6 9. Bh4 Qc7 10. 0-0-0 Nbd7 11. g4 g5 12. fxg5 Ne5 13. Qg3 Nfxg4 14. gxh6 Bxh4 15. Qxh4 Rxh6 16. Qg3 Bd7 17. Be2 Nf6 18. Qg7 Rg6 19. Qh8+ Ng8 20. Bh5 0-0-0 21. Bxg6 Ne7 22. Qf6 N7xg6 23. Rhg1 b5 24. h4 Rh8 25. Rxg6 Nxg6 26. Qxf7 Ne5 27. Qf2 Qd8 28. Rh1 Ng6 29. Nf3 Bc6 30. a3 Qf6 31. Qg3 Kb7 32. Kb1 Ne5 33. Ng5 Rg8 34. Qh3 Bd7 35. Rf1 Qh6 36. Nf7 Nxf7 37. Rxf7 Rg7 38. Qf3 Kc7 39. h5 Rxf7 40. Qxf7 Kd8 41. Ka2 Be8 42. Qa7 Qxh5 43. Qxa6 Qc5 44. Qa8+ Ke7 45. Qb7+ Bd7 1/2-1/2

[Event "Vladimir op-A"]
[Site "Vladimir"]
[Date "2008.08.14"]
[Round "3"]
[White "Potapov, Alexey"]
[Black "Vdovin, Sergei"]
[Result "1/2-1/2"]
[WhiteElo "2329"]
[BlackElo "2263"]
[PlyCount "51"]
[EventDate "2008.08.12"]
[EventType "swiss"]
[EventRounds "10"]
[EventCountry "RUS"]
[SourceTitle "CBM 126 Extra"]
[Source "ChessBase"]
[SourceDate "2008.11.05"]
[SourceVersion "1"]
[SourceVersionDate "2008.11.05"]
[SourceQuality "1"]

1. d4 d5 2. c4 c6 3. Nc3 Nf6 4. Nf3 a6 5. e3 g6 6. cxd5 cxd5 7. Bd3 Bg7 8. 0-0 0-0 9. b4 Bg4 10. h3 Bxf3 11. Qxf3 Nc6 12. b5 axb5 13. Nxb5 e5 14. dxe5 Nxe5 15. Qe2 Nxd3 16. Qxd3 Ne4 17. Nd4 Qa5 18. Bb2 Rfc8 19. Nb3 Qa6 20. Qxa6 Rxa6 21. Bxg7 Kxg7 22. Rfc1 Rxc1+ 23. Nxc1 Rc6 24. Nd3 Rc3 25. Nb4 d4 26. exd4 1/2-1/2

[Event "Togliatti"]
[Site "Togliatti"]
[Date "2008.06.07"]
[Round "10"]
[White "Magrifin, Iljanur"]
[Black "Vdovin, Sergei"]
[Result "1-0"]
[WhiteElo "2167"]
[BlackElo "2101"]
[PlyCount "55"]
[EventDate "2008.05.29"]
[EventType "tourn"]
[EventRounds "11"]
[EventCountry "RUS"]
[EventCategory "1"]
[SourceTitle "CBM 124 Extra"]
[Source "ChessBase"]
[SourceDate "2008.07.03"]
[SourceVersion "1"]
[SourceVersionDate "2008.07.03"]
[SourceQuality "1"]

1. d4 Nf6 2. c4 e6 3. Nc3 d5 4. Bg5 Be7 5. e3 0-0 6. Qc2 c6 7. Bd3 dxc4 8. Bxc4 Qa5 9. Nf3 b5 10. Bxf6 gxf6 11. Bb3 Nd7 12. 0-0 Bb7 13. Qe2 b4 14. Ne4 Nb6 15. Rfc1 Nd7 16. Nfd2 f5 17. Qh5 c5 18. Nc4 Qc7 19. Ng5 Nf6 20. Qh6 cxd4 21. exd4 Rac8 22. Rd1 Ba6 23. Ne5 Be2 24. Re1 Bh5 25. Bxe6 Rcd8 26. Bxf5 Bg6 27. Bxg6 fxg6 28. Ne6 1-0

[Event "Togliatti"]
[Site "Togliatti"]
[Date "2008.06.05"]
[Round "8"]
[White "Kapitonov, Artem"]
[Black "Vdovin, Sergei"]
[Result "1-0"]
[WhiteElo "1656"]
[BlackElo "2101"]
[PlyCount "92"]
[EventDate "2008.05.29"]
[EventType "tourn"]
[EventRounds "11"]
[EventCountry "RUS"]
[EventCategory "1"]
[SourceTitle "CBM 124 Extra"]
[Source "ChessBase"]
[SourceDate "2008.07.03"]
[SourceVersion "1"]
[SourceVersionDate "2008.07.03"]
[SourceQuality "1"]

1. d4 Nf6 2. Nf3 g6 3. g3 Bg7 4. Bg2 0-0 5. 0-0 d5 6. c4 dxc4 7. Ne5 Ne8 8. Nxc4 Qxd4 9. Qb3 c6 10. Be3 Qf6 11. Nc3 Nd6 12. Na5 Be6 13. Qc2 Qf5 14. Qxf5 Bxf5 15. Rac1 Rc8 16. Bg5 f6 17. Bf4 e5 18. Be3 b6 19. Rfd1 Bf8 20. Nb3 Nc4 21. Na4 Nxe3 22. fxe3 e4 23. Nc3 Re8 24. Nd2 Bc5 25. Kf2 Nd7 26. Ndxe4 Kg7 27. Nxc5 Nxc5 28. Bxc6 a5 29. Bxa8 Rxa8 30. Rd6 Rb8 31. Kf3 h5 32. e4 Bg4+ 33. Kg2 Rb7 34. Rf1 Rf7 35. Rxb6 Nd7 36. Rb7 Be6 37. a3 Kh6 38. b4 axb4 39. axb4 Rf8 40. Rc7 Rb8 41. b5 g5 42. Rd1 Ne5 43. Rd6 Re8 44. b6 Nc4 45. Rxe6 Rxe6 46. Rxc4 Rxb6 1-0

[Event "Togliatti"]
[Site "Togliatti"]
[Date "2008.05.29"]
[Round "1"]
[White "Vdovin, Sergei"]
[Black "Nemov, Anton"]
[Result "1/2-1/2"]
[WhiteElo "2101"]
[BlackElo "2186"]
[PlyCount "79"]
[EventDate "2008.05.29"]
[EventType "tourn"]
[EventRounds "11"]
[EventCountry "RUS"]
[EventCategory "1"]
[SourceTitle "CBM 124 Extra"]
[Source "ChessBase"]
[SourceDate "2008.07.03"]
[SourceVersion "1"]
[SourceVersionDate "2008.07.03"]
[SourceQuality "1"]

1. e4 g6 2. d4 Bg7 3. c3 d5 4. e5 c5 5. dxc5 Bxe5 6. Nf3 Bg7 7. Be3 Nf6 8. h3 0-0 9. Nbd2 Nc6 10. Bb5 Qc7 11. 0-0 b6 12. cxb6 axb6 13. Bxc6 Qxc6 14. Qb3 Ba6 15. Rfc1 Bc4 16. Ne5 Bxb3 17. Nxc6 Bxa2 18. Nxe7+ Kh8 19. Nc6 Bc4 20. Bxb6 Bh6 21. Bd4 Kg7 22. Rxa8 Rxa8 23. Rd1 Be2 24. Re1 Bb5 25. Bxf6+ Kxf6 26. Nd4 Bxd2 27. Rd1 Bxc3 28. bxc3 Bc4 29. f4 Ra3 30. Rc1 Bd3 31. Kf2 Ra2+ 32. Ke3 Bc4 33. Rc2 Ra8 34. g4 Ra1 35. g5+ Kg7 36. Rb2 Rh1 37. Rb7 Rxh3+ 38. Nf3 Rh1 39. Ne5 Rc1 40. Rxf7+ 1/2-1/2

[Event "Moscow-ch U18"]
[Site "Moscow"]
[Date "2007.12.??"]
[Round "6"]
[White "Andreev, Nikita"]
[Black "Vdovin, Sergei"]
[Result "1-0"]
[WhiteElo "2168"]
[BlackElo "2248"]
[PlyCount "85"]
[EventDate "2007.11.17"]
[EventType "swiss"]
[EventRounds "9"]
[EventCountry "RUS"]
[SourceTitle "EXT 2022"]
[Source "ChessBase"]
[SourceDate "2021.10.06"]
[SourceVersion "1"]
[SourceVersionDate "2021.10.06"]
[SourceQuality "1"]

1. e4 c5 2. c3 Nf6 3. e5 Nd5 4. d4 cxd4 5. Nf3 e6 6. cxd4 d6 7. Nc3 Nxc3 8. bxc3 Qc7 9. Bd2 Nd7 10. Qa4 Be7 11. Bd3 0-0 12. Qc2 h6 13. exd6 Bxd6 14. 0-0 b6 15. Rfe1 Bb7 16. Be4 Rac8 17. Qc1 Bxe4 18. Rxe4 Nf6 19. Rh4 Rfe8 20. Rb1 Bf8 21. Ne5 Nd5 22. Rh3 Ne7 23. Qd1 Nc6 24. Nd3 e5 25. Qg4 Kh8 26. Bxh6 Kg8 27. Bf4 exf4 28. Qh5 f5 29. Qh7+ Kf7 30. Qxf5+ Ke7 31. d5 Nb8 32. Nxf4 Qd7 33. d6+ Kxd6 34. Rd3+ Kc7 35. Rxd7+ Nxd7 36. Ne6+ Kb7 37. Nxg7 Re7 38. Qd5+ Kb8 39. Nf5 Rh7 40. Re1 Nc5 41. Nd4 Rd7 42. Qf3 Bg7 43. Nc6+ 1-0

[Event "RUS-chT Clubs U18"]
[Site "Rybinsk"]
[Date "2007.08.07"]
[Round "6.21"]
[White "Vdovin, Sergei"]
[Black "Kosov, Ivan"]
[Result "1-0"]
[WhiteElo "2226"]
[BlackElo "2379"]
[PlyCount "55"]
[EventDate "2007.08.02"]
[EventType "team-swiss"]
[EventRounds "9"]
[EventCountry "RUS"]
[SourceTitle "EXT 2022"]
[Source "ChessBase"]
[SourceDate "2021.10.06"]
[SourceVersion "1"]
[SourceVersionDate "2021.10.06"]
[SourceQuality "1"]

1. d4 d5 2. c4 e6 3. Nf3 c6 4. e3 Nd7 5. Bd3 dxc4 6. Bxc4 b5 7. Bd3 a6 8. a4 Bb7 9. 0-0 Ngf6 10. e4 c5 11. axb5 axb5 12. Rxa8 Qxa8 13. Bxb5 Bxe4 14. Ne5 cxd4 15. Qxd4 Qd5 16. Qxd5 exd5 17. Nc3 Bf5 18. Re1 Be7 19. Bg5 d4 20. Ne2 Bb4 21. Rd1 d3 22. Nd4 0-0 23. Bxf6 gxf6 24. Nxd7 Bxd7 25. Bxd7 d2 26. Nf3 Rd8 27. Bf5 Re8 28. Kf1 1-0

[Event "Riazan op"]
[Site "Riazan"]
[Date "2007.08.??"]
[Round "?"]
[White "Vdovin, Sergei"]
[Black "Iliushkin, Evgeny"]
[Result "0-1"]
[WhiteElo "2094"]
[BlackElo "2295"]
[PlyCount "60"]
[EventDate "2007.08.??"]
[EventType "swiss"]
[EventRounds "9"]
[EventCountry "RUS"]
[SourceTitle "EXT 2009"]
[Source "ChessBase"]
[SourceDate "2008.11.26"]
[SourceVersion "1"]
[SourceVersionDate "2008.11.26"]
[SourceQuality "1"]

1. e4 c5 2. Nc3 Nc6 3. g3 g6 4. Bg2 Bg7 5. d3 e6 6. f4 Nge7 7. Be3 b6 8. e5 d6 9. exd6 Qxd6 10. Ne4 Qd7 11. Nf3 Bb7 12. Rb1 Rd8 13. 0-0 0-0 14. Kh1 Nf5 15. Bg1 Nfd4 16. Ne1 f5 17. Nd2 e5 18. c3 Ne6 19. fxe5 Nxe5 20. Ndf3 Nxf3 21. Nxf3 Qxd3 22. Qb3 Qd5 23. Qa3 Qc6 24. Rbe1 Ng5 25. Re7 Ne4 26. Qxa7 Rf7 27. Rxf7 Kxf7 28. Ng5+ Kg8 29. Nxe4 fxe4 30. Qa3 e3 0-1

[Event "Riazan op"]
[Site "Riazan"]
[Date "2007.08.??"]
[Round "?"]
[White "Vdovin, Sergei"]
[Black "Ushakov, Gennadiy"]
[Result "1-0"]
[WhiteElo "2094"]
[BlackElo "2288"]
[PlyCount "91"]
[EventDate "2007.08.??"]
[EventType "swiss"]
[EventRounds "9"]
[EventCountry "RUS"]
[SourceTitle "EXT 2009"]
[Source "ChessBase"]
[SourceDate "2008.11.26"]
[SourceVersion "1"]
[SourceVersionDate "2008.11.26"]
[SourceQuality "1"]

1. e4 e5 2. Nf3 Nc6 3. d4 exd4 4. Nxd4 Bc5 5. Be3 Qf6 6. c3 Nge7 7. Bc4 d6 8. 0-0 Ne5 9. Be2 Qg6 10. f3 Bd7 11. Kh1 h5 12. b4 Bb6 13. Nd2 d5 14. c4 dxc4 15. Nxc4 Nxc4 16. Bxc4 Nc6 17. Nxc6 Bxc6 18. Qe2 Bxe3 19. Qxe3 0-0 20. b5 Bd7 21. Rfd1 Bc8 22. Rd2 Qb6 23. Qb3 Qf6 24. Rad1 g6 25. Bd5 a6 26. a4 axb5 27. axb5 c6 28. bxc6 bxc6 29. Bc4 Ra1 30. Rxa1 Qxa1+ 31. Rd1 Qa5 32. h3 Qc7 33. Qd3 Bb7 34. Qd6 Qxd6 35. Rxd6 Kg7 36. Rd7 Ba8 37. e5 g5 38. e6 Kf6 39. exf7 h4 40. Rd6+ Kg7 41. Kg1 Rh8 42. Kf2 Rc8 43. Ke3 c5 44. Re6 Bc6 45. Re5 Rb8 46. Rxg5+ 1-0

[Event "Privolzhskogo FO-ch"]
[Site "Togliatti"]
[Date "2007.03.25"]
[Round "4"]
[White "Vdovin, Sergei"]
[Black "Magrifin, Iljanur"]
[Result "0-1"]
[WhiteElo "2093"]
[BlackElo "2227"]
[PlyCount "107"]
[EventDate "2007.03.22"]
[EventType "swiss"]
[EventRounds "9"]
[EventCountry "RUS"]
[SourceTitle "EXT 2010"]
[Source "ChessBase"]
[SourceDate "2010.11.25"]
[SourceVersion "1"]
[SourceVersionDate "2010.11.25"]
[SourceQuality "1"]

1. e4 c6 2. e5 d6 3. Nf3 Bg4 4. Bc4 e6 5. d4 Bxf3 6. Qxf3 dxe5 7. dxe5 Qa5+ 8. Nc3 Nd7 9. 0-0 Nxe5 10. Qe2 Nxc4 11. Qxc4 Nf6 12. a3 Bd6 13. Rd1 Rd8 14. b4 Bxh2+ 15. Kf1 Rxd1+ 16. Nxd1 Qh5 17. Qe2 Qxe2+ 18. Kxe2 Be5 19. Rb1 0-0 20. b5 c5 21. b6 a6 22. c4 Rd8 23. Be3 Nd7 24. f4 Bf6 25. Nf2 Be7 26. a4 Kf8 27. a5 Nb8 28. Ne4 Rc8 29. Rd1 h6 30. g4 Ke8 31. f5 Nc6 32. Ra1 Ne5 33. fxe6 fxe6 34. g5 hxg5 35. Bxg5 Nxc4 36. Bxe7 Kxe7 37. Rg1 Rg8 38. Ra1 Nd6 39. Nxc5 g5 40. Kf3 Rc8 41. Na4 Rc4 42. Nb2 g4+ 43. Ke3 Nf5+ 44. Kd2 Rd4+ 45. Kc3 g3 46. Rg1 Rd5 47. Nc4 Kf6 48. Kb4 Kg5 49. Re1 Kf4 50. Rf1+ Kg4 51. Kc3 Rc5 52. Re1 Nd6 53. Rxe6 Rxc4+ 54. Kd3 0-1

[Event "Nezhmetdinov Memorial 28th"]
[Site "Kazan"]
[Date "2006.06.07"]
[Round "7"]
[White "Vdovin, Sergei"]
[Black "Nikonova, Irina"]
[Result "0-1"]
[WhiteElo "2147"]
[BlackElo "2072"]
[PlyCount "84"]
[EventDate "2006.06.01"]
[EventType "swiss"]
[EventRounds "9"]
[EventCountry "RUS"]
[SourceTitle "CBM 112 Extra"]
[Source "ChessBase"]
[SourceDate "2006.07.14"]
[SourceVersion "1"]
[SourceVersionDate "2006.07.14"]
[SourceQuality "1"]

1. e4 e6 2. d4 d5 3. Nd2 dxe4 4. Nxe4 Nd7 5. Bd3 Ngf6 6. Ne2 Nxe4 7. Bxe4 Nf6 8. Bf3 c5 9. c3 Be7 10. 0-0 0-0 11. Be3 Qb6 12. Qb3 Qc7 13. dxc5 Bxc5 14. Bxc5 Qxc5 15. Ng3 Rb8 16. Rad1 b6 17. Rd2 Ba6 18. Rfd1 Bc4 19. Qa4 b5 20. Qa5 Bd5 21. Bxd5 Nxd5 22. a4 Rfc8 23. axb5 Rxb5 24. Qa4 Qb6 25. Qa2 Rb3 26. Ne2 Qb7 27. g3 h6 28. Nd4 Rb6 29. Qa1 Nf6 30. f3 Nd5 31. Re2 Qc7 32. Qc1 Qc5 33. Kg2 Qc4 34. Rdd2 a5 35. Re4 Nf6 36. Re5 a4 37. Ra5 Ra6 38. Rb5 Rd6 39. Ra5 Rxd4 40. Rxd4 Qxd4 41. Ra8 Qc4 42. Rxc8+ Qxc8 0-1

[Event "Nezhmetdinov Memorial 28th"]
[Site "Kazan"]
[Date "2006.06.04"]
[Round "4"]
[White "Jusupov, Tabris"]
[Black "Vdovin, Sergei"]
[Result "1-0"]
[WhiteElo "2084"]
[BlackElo "2147"]
[PlyCount "69"]
[EventDate "2006.06.01"]
[EventType "swiss"]
[EventRounds "9"]
[EventCountry "RUS"]
[SourceTitle "CBM 112 Extra"]
[Source "ChessBase"]
[SourceDate "2006.07.14"]
[SourceVersion "1"]
[SourceVersionDate "2006.07.14"]
[SourceQuality "1"]

1. d4 f5 2. c4 g6 3. Nc3 Nf6 4. e4 fxe4 5. d5 d6 6. Nge2 Bg7 7. Ng3 Bf5 8. Qc2 e3 9. Nxf5 exf2+ 10. Qxf2 gxf5 11. Qxf5 0-0 12. Qe6+ Rf7 13. Bd3 Nbd7 14. 0-0 Ne5 15. Bc2 c6 16. Be3 Qd7 17. Bf5 Qc7 18. Bd4 Raf8 19. dxc6 bxc6 20. Ne4 Nxe4 21. Bxe4 Nf3+ 22. Rxf3 Bxd4+ 23. Kh1 Bf6 24. Raf1 Kh8 25. Rh3 Qa5 26. Bd3 Qd2 27. Qe4 h6 28. Qg6 Bg5 29. Rhf3 Bf6 30. Rf4 Rg7 31. Qxh6+ Kg8 32. Bh7+ Kh8 33. Bf5+ Kg8 34. Be6+ Rff7 35. Bxf7+ 1-0